| 000 | 00443nam a2200157Ia 4500 | ||
|---|---|---|---|
| 008 | 240729s9999 xx 000 0 und d | ||
| 022 | _a2306-3459 | ||
| 245 | 0 | _aEconomics & Sociology | |
| 260 | _aPoland | ||
| 260 | _bCentre of Sociological Research, Szczecin, Poland | ||
| 650 | _a Sociology (General) | ||
| 650 | _aSocial Sciences | ||
| 856 | _uhttps://doaj.org/toc/5d1b7cf1f8f4430c9557e7ba1f3d9289 | ||
| 942 | _2ddc | ||
| 942 | _cDOAJEJ | ||
| 999 |
_c66613 _d66613 |
||
| 945 |
_a1 _bMadushi Gamage _c1 _dMadushi Gamage |
||